|
|
|
|
| LEADER |
00000nas a2200000 a 4500 |
| 001 |
ssj0048470 |
| 003 |
WaSeSS |
| 005 |
20200512172242.0 |
| 006 |
m d |
| 007 |
cr n |
| 008 |
830330d19832001cauqr p so 0 a0eng c |
| 010 |
|
|
|a 83646132
|z sc 83002368
|z 83007406
|
| 022 |
|
|
|l 0737-5344
|y 0737-5344
|
| 032 |
|
|
|a 750630
|b USPS
|
| 035 |
|
|
|a (WaSeSS)ssj0048470
|
| 040 |
|
|
|a CLU
|b eng
|c CLU
|d NSD
|d HUL
|d DLC
|d NST
|d DLC
|d NST
|d DLC
|d NST
|d AIP
|d NST
|d NSD
|d NST
|d NSD
|d NST
|d AIP
|d NST
|d NSD
|d NST
|d NSD
|d NST
|d DLC
|d IUL
|d CUS
|d SYS
|d EBZ
|d CLU
|d MUQ
|d OCLCQ
|d ZYU
|d OCLCQ
|d OCLCF
|d OCLCO
|d AVA
|d CUS
|d OCLCQ
|d WaSeSS
|
| 042 |
|
|
|a nsdp
|a pcc
|
| 050 |
0 |
0 |
|a NA2599.9
|b .D47
|
| 082 |
0 |
|
|a 720
|2 19
|
| 210 |
0 |
|
|a Des. book rev.
|
| 222 |
|
0 |
|a Design book review
|
| 245 |
0 |
0 |
|a Design book review
|h [electronic resource] :
|b DBR.
|
| 246 |
3 |
0 |
|a DBR
|
| 260 |
|
|
|a [Berkeley, Calif.] :
|b [Design Book Review],
|c [1983-2001]
|
| 310 |
|
|
|a Quarterly
|
| 362 |
0 |
|
|a 1 (winter 1983)-44/45 (winter/spring 2001).
|
| 500 |
|
|
|a Title from cover.
|
| 500 |
|
|
|a Some issues have also distinctive titles.
|
| 500 |
|
|
|a Published: San Francisco, CA : California College of Arts and Crafts, fall 1999-2001.
|
| 506 |
|
|
|a License restrictions may limit access.
|
| 515 |
|
|
|a Volumes for winter 1983-<spring 1990> have number on spine only; some issues combined.
|
| 650 |
|
0 |
|a Architecture
|v Book reviews
|v Periodicals.
|
| 650 |
|
0 |
|a Architectural design
|v Book reviews
|v Periodicals.
|
| 650 |
|
0 |
|a Design
|v Book reviews
|v Periodicals.
|
| 650 |
|
6 |
|a Architecture
|x Livres
|x Recensions
|v Périodiques.
|
| 650 |
|
6 |
|a Design architectural
|x Livres
|x Recensions
|v Périodiques.
|
| 650 |
|
6 |
|a Design
|x Livres
|x Recensions
|v Périodiques.
|
| 650 |
|
7 |
|a Architectural design.
|2 fast
|0 (OCoLC)fst00813184
|
| 650 |
|
7 |
|a Architecture.
|2 fast
|0 (OCoLC)fst00813346
|
| 650 |
|
7 |
|a Design.
|2 fast
|0 (OCoLC)fst00891253
|
| 655 |
|
0 |
|a Electronic journals.
|
| 710 |
2 |
|
|a California College of Arts and Crafts.
|
| 853 |
3 |
3 |
|8 1
|a (*)
|i (year)
|j (season)
|w x
|
| 856 |
4 |
0 |
|z Full text available from Research Library: 01/01/1997 to 01/31/2001
|u https://search.proquest.com/publication/31101
|
| 863 |
4 |
0 |
|8 1
|a <1>-
|i <1983>-
|x provisional
|